PwC insolvency statistics show UK corporate insolvencies rapidly declined in 2010 but public sector cuts could still cast a shadow over 2011 (Record no. 111850)

MARC details
000 -LEADER
fixed length control field 01054cad a22001935a 4500
001 - CONTROL NUMBER
control field L152094
008 - FIXED-LENGTH DATA ELEMENTS--GENERAL INFORMATION
fixed length control field 110201s2011 xxk f 000 0 eng d
035 ## - SYSTEM CONTROL NUMBER
System control number (Sirsi) u152094
041 0# - LANGUAGE CODE
Language code of text/sound track or separate title eng
110 2# - MAIN ENTRY--CORPORATE NAME
Corporate name or jurisdiction name as entry element PriceWaterhouseCoopers
9 (RLIN) 3793
245 00 - TITLE STATEMENT
Title PwC insolvency statistics show UK corporate insolvencies rapidly declined in 2010 but public sector cuts could still cast a shadow over 2011
Medium [electronic resource]
260 ## - PUBLICATION, DISTRIBUTION, ETC.
Place of publication, distribution, etc. [S.l.]
Name of publisher, distributor, etc. PwC
Date of publication, distribution, etc. 2011
520 ## - SUMMARY, ETC.
Summary, etc. The latest PwC analysis into corporate insolvency numbers in the UK demonstrates that the level of insolvencies significantly declined during 2010; the construction sector was one of the worst affected.
590 ## - LOCAL NOTE (RLIN)
Local note KA NTK
651 #4 - SUBJECT ADDED ENTRY--GEOGRAPHIC NAME
Geographic name United Kingdom
Chronological subdivision
690 ## - LOCAL SUBJECT ADDED ENTRY--TOPICAL TERM (OCLC, RLIN)
Topical term or geographic name as entry element MANAGEMENT-CORPORATE RECOVERY
856 40 - ELECTRONIC LOCATION AND ACCESS
Uniform Resource Identifier <a href="https://www.ukmediacentre.pwc.com/News-Releases/PwC-insolvency-statistics-show-UK-corporate-insolvencies-rapidly-declined-in-2010-but-public-sector-cuts-could-still-cast-a-shadow-over-2011-fce.aspx">https://www.ukmediacentre.pwc.com/News-Releases/PwC-insolvency-statistics-show-UK-corporate-insolvencies-rapidly-declined-in-2010-but-public-sector-cuts-could-still-cast-a-shadow-over-2011-fce.aspx</a>
Public note View this item free of charge at www.ukmediacentre.pwc.com
942 ## - ADDED ENTRY ELEMENTS (KOHA)
Suppress in OPAC 0
Holdings
Withdrawn status Lost status Source of classification or shelving scheme Damaged status Not for loan Home library Current library Shelving location Date acquired Total Checkouts Full call number Barcode Date last seen Copy number Price effective from Koha item type
    Dewey Decimal Classification     Virtual Virtual Online 01/02/2011   ONLINE PUBLICATION 152094-1001 06/08/2019 1 06/08/2019 Book